| 000 | 01490cad a22002415a 4500 | ||
|---|---|---|---|
| 001 | L138838 | ||
| 008 | 070716s2007 xxkd f 000 0 eng d | ||
| 035 | _a(Sirsi) u138838 | ||
| 041 | 0 | _aeng | |
| 050 | 0 | 4 | _a711.552 $2 18 |
| 110 | 2 |
_aKing Sturge _93877 |
|
| 245 | 0 | 0 |
_aEuropean retail property _brich playing field or minefield? _h[electronic resource] |
| 260 |
_a[S.l.] _bKing Sturge _c2007 |
||
| 490 | 0 |
_aKing Sturge European Retail Property _v2007 |
|
| 520 | _aThis in depth review of Europe's retail property market reveals that Europe is still a continent of big opportunity. Central European countries are now at different stages of maturity, led by Hungary, the Czech Republic and Poland. In Western Europe, the UK, France and Sweden have mature and competitive markets, followed by Portugal, Denmark, Ireland and Greece who are experiencing high growth. Reports that the UK, France and Germany account for almost 50% of shopping centre floorspace, with the UK having the largest existing supply (15 million m2) of floorspace and around 4.7 million m2 of new in-town retail development planned by 2012. | ||
| 590 | _aKA | ||
| 650 | 2 | 4 | _aKING STURGE EUROPEAN RETAIL PROPERTY |
| 651 | 4 | _aEurope | |
| 690 | _aPROPERTY-COMMERCIAL PROPERTY-COMMERCIAL PROPERTY MARKET | ||
| 690 | _aPROPERTY-COMMERCIAL PROPERTY-RETAIL PROPERTY | ||
| 856 | 4 | 0 |
_uhttps://www.kingsturge.com/ _zView the research report free of charge (registration required) at www.kingsturge.com... |
| 942 | _n0 | ||
| 999 |
_c107259 _d107259 |
||